[Event "XXVII. Rhein-Main-Open, Gruppe A"]
[Site "Bad Homburg vor der Höhe"]
[Date "2025.06.19"]
[Round "2.46"]
[White "Papadopoulos, Kyriakos"]
[Black "Nickel, Jonas"]
[Result "0-1"]
[WhiteElo "1726"]
[BlackElo "1926"]
[PlyCount "70"]
[GameId "535116227071"]
[EventDate "2025.06.18"]
[WhiteTeam "VSG 1880 Offenbach"]
[BlackTeam "Schachdrachen Büdingen-Wächtersb"]

1. e4 c5 2. Nf3 Nc6 3. d4 cxd4 4. Nxd4 Nf6 5. Nc3 e5 6. Nf3 Bb4 7. Bd3 O-O 8. Bg5 h6 9. Bh4 g5 10. Bg3 Re8 11. h4 g4 12. Nh2 h5 13. O-O Bxc3 14. bxc3 d5 15. f3 dxe4 16. fxe4 Be6 17. Qd2 Nh7 18. Qh6 Qa5 19. Qxh5 Qxc3 20. Nxg4 Bxg4 21. Qxg4+ Kh8 22. Rab1 Re7 23. Kh2 f6 24. Qh5 Rf8 25. Rf2 Rg7 26. Rbf1 Rfg8 27. Rxf6 Rxg3 28. Rf7 Rxg2+ 29. Kh1 R2g7 30. Rf8 Qd2 31. R8f2 Qe3 32. Rf3 Rg1+ 33. Kh2 Qd2+ 34. R3f2 R1g2+ 35. Kh1 Rxf2 0-1

[Event "XXVII. Rhein-Main-Open, Gruppe A"]
[Site "Bad Homburg vor der Höhe"]
[Date "2025.06.19"]
[Round "2.47"]
[White "Glasschröder, Maximilian"]
[Black "Gärtner, David"]
[Result "1-0"]
[WhiteElo "1938"]
[BlackElo "1755"]
[PlyCount "95"]
[GameId "535116227072"]
[EventDate "2025.06.18"]
[WhiteTeam "SK Weilheim e.V."]
[BlackTeam "Sfr.Mainz 1928"]

1. e4 e6 2. d4 d5 3. Bd3 dxe4 4. Bxe4 c5 5. Ne2 Nf6 6. Bf3 Nc6 7. Be3 cxd4 8. Nxd4 Nxd4 9. Qxd4 Qxd4 10. Bxd4 Bd6 11. Nc3 a6 12. Rd1 Ke7 13. O-O e5 14. Rfe1 Nd7 15. Nd5+ Kf8 16. Nb6 Nxb6 17. Bxb6 Ke7 18. Bc5 Bxc5 19. Rxe5+ Be6 20. Rxc5 Rac8 21. Rxc8 Rxc8 22. Be4 a5 23. a3 b5 24. c3 Rc5 25. Rd4 Bc4 26. f4 f5 27. Bf3 a4 28. Kf2 Bb3 29. Ke3 Bc4 30. h3 Bb3 31. g4 g6 32. gxf5 gxf5 33. Kf2 Rc4 34. Rxc4 Bxc4 35. Ke3 Ke6 36. Kd4 Kd6 37. Bd1 Bf1 38. h4 Bc4 39. Bxa4 Bf1 40. Bc2 Ke6 41. Bd3 Bxd3 42. Kxd3 Kd5 43. b3 h5 44. a4 Kc5 45. b4+ Kb6 46. a5+ Kc6 47. Kd4 Kd6 48. a6 1-0

[Event "XXVII. Rhein-Main-Open, Gruppe A"]
[Site "Bad Homburg vor der Höhe"]
[Date "2025.06.19"]
[Round "2.48"]
[White "Holschuh, Elias"]
[Black "Jakob, Steffen"]
[Result "1/2-1/2"]
[WhiteElo "1746"]
[BlackElo "1900"]
[PlyCount "51"]
[GameId "535116227073"]
[EventDate "2025.06.18"]
[WhiteTeam "SV Worms 1878"]
[BlackTeam "Sges Bensheim 1931"]

1. e4 c5 2. c3 Nf6 3. e5 Nd5 4. Nf3 d6 5. exd6 Qxd6 6. d4 e6 7. Bb5+ Bd7 8. Bxd7+ Nxd7 9. O-O Be7 10. Re1 cxd4 11. Nxd4 a6 12. Nd2 O-O 13. Ne4 Qc7 14. Ng3 N7f6 15. Qe2 Rfe8 16. c4 Nf4 17. Bxf4 Qxf4 18. Nf3 Red8 19. b3 Rd6 20. Rad1 Rad8 21. Rxd6 Qxd6 22. Nf5 Qc7 23. Nxe7+ Qxe7 24. Rd1 Rxd1+ 25. Qxd1 Qd7 26. Qxd7 1/2-1/2

[Event "XXVII. Rhein-Main-Open, Gruppe A"]
[Site "Bad Homburg vor der Höhe"]
[Date "2025.06.19"]
[Round "2.49"]
[White "Schultze, Jörg-Martin"]
[Black "Köhlich, Viktor"]
[Result "1/2-1/2"]
[WhiteElo "1909"]
[BlackElo "1774"]
[PlyCount "39"]
[GameId "535116227074"]
[EventDate "2025.06.18"]
[WhiteTeam "SF Braunfels"]
[BlackTeam "SC Matt im Park Ffm"]

1. d4 d5 2. c4 dxc4 3. e3 Nf6 4. Bxc4 e6 5. Nf3 c5 6. O-O a6 7. dxc5 Bxc5 8. Qxd8+ Kxd8 9. Nc3 Ke7 10. Rd1 b5 11. Bb3 Bb7 12. Bd2 Nc6 13. Rac1 Bb6 14. Ne2 Ne4 15. Be1 Rhd8 16. Ned4 Nxd4 17. Nxd4 Rac8 18. Nf3 Ke8 19. Rxd8+ Rxd8 20. Rd1 1/2-1/2

[Event "XXVII. Rhein-Main-Open, Gruppe A"]
[Site "Bad Homburg vor der Höhe"]
[Date "2025.06.19"]
[Round "2.50"]
[White "Kuckel, Michael"]
[Black "Fang, Borui"]
[Result "0-1"]
[WhiteElo "1744"]
[BlackElo "1857"]
[PlyCount "100"]
[GameId "535116227075"]
[EventDate "2025.06.18"]
[WhiteTeam "SC Matt im Park Ffm"]
[BlackTeam "SV Oberursel"]

1. d4 d5 2. Nf3 Nf6 3. e3 e6 4. Bd3 c5 5. c3 Nc6 6. Nbd2 Bd6 7. O-O O-O 8. dxc5 Bxc5 9. b4 Bd6 10. b5 Na5 11. c4 dxc4 12. Nxc4 Nxc4 13. Bxc4 b6 14. Bb2 Bb7 15. Rc1 Rc8 16. Qe2 Qe7 17. a4 Rfd8 18. Ba2 h6 19. Ne5 Bxe5 20. Bxe5 Ne4 21. Bb1 Rc5 22. Rxc5 Qxc5 23. Bd4 Qg5 24. f4 Qe7 25. Rc1 Bd5 26. Qc2 f5 27. Qc7 Rd7 28. Qb8+ Kh7 29. Be5 Qa3 30. Re1 Qb4 31. Rd1 Ba2 32. Bd4 Bxb1 33. Qc8 Qxa4 34. Rxb1 Rxd4 35. Qc1 Rc4 36. Qe1 Qa5 37. Qd1 Qd2 38. Qxd2 Nxd2 39. Ra1 Ne4 40. g4 Rb4 41. gxf5 exf5 42. Rxa7 Rxb5 43. h4 Rb3 44. Rb7 b5 45. Kf1 b4 46. Ke2 Rb2+ 47. Kd1 b3 48. Kc1 Rc2+ 49. Kb1 Nc3+ 50. Ka1 Ra2# 0-1

[Event "XXVII. Rhein-Main-Open, Gruppe A"]
[Site "Bad Homburg vor der Höhe"]
[Date "2025.06.19"]
[Round "2.51"]
[White "Ziska, Stephan"]
[Black "Deniz, Ata Gökay"]
[Result "1/2-1/2"]
[WhiteElo "1862"]
[BlackElo "1791"]
[PlyCount "50"]
[GameId "535116227076"]
[EventDate "2025.06.18"]
[WhiteTeam "Schachforum Darmstadt"]
[BlackTeam "SVG Lauterbach"]

1. e4 c6 2. d4 d5 3. Nc3 dxe4 4. Nxe4 Nf6 5. Ng3 Qc7 6. Bc4 e6 7. Nf3 Bd6 8. Qe2 Nbd7 9. Bd2 Nb6 10. Bb3 Bd7 11. c4 c5 12. O-O O-O 13. Bc3 cxd4 14. Bxd4 Be7 15. Rac1 Bc6 16. Ne5 Rfd8 17. Bc3 Ba4 18. c5 Qxc5 19. Nxf7 Bxb3 20. Bxf6 Bc4 21. Nh6+ Kh8 22. Nf7+ Kg8 23. Nh6+ Kh8 24. Nf7+ Kg8 25. Nh6+ Kh8 1/2-1/2

[Event "XXVII. Rhein-Main-Open, Gruppe A"]
[Site "Bad Homburg vor der Höhe"]
[Date "2025.06.19"]
[Round "2.52"]
[White "Ringsdorf, Bastian"]
[Black "Mayer, Frank"]
[Result "0-1"]
[WhiteElo "1613"]
[BlackElo "1984"]
[PlyCount "68"]
[GameId "535116227077"]
[EventDate "2025.06.18"]
[BlackTeam "Wiesbadener SV 1885"]

1. d4 d5 2. Nf3 c5 3. e3 Nf6 4. c4 cxd4 5. Nxd4 e5 6. Nf3 e4 7. Nd4 Bb4+ 8. Nd2 O-O 9. a3 Be7 10. Be2 a6 11. O-O g6 12. b4 dxc4 13. Bxc4 b5 14. Ba2 Bb7 15. Bb2 Nbd7 16. Rc1 Rc8 17. Rc2 Qb6 18. Qb1 Qd6 19. Rfc1 Rxc2 20. Rxc2 Ng4 21. g3 Nge5 22. h3 Nf6 23. Qa1 Nd3 24. N2b3 Qd7 25. Kg2 Bc8 26. g4 Nxg4 27. hxg4 Qxg4+ 28. Kf1 Qh3+ 29. Kg1 Qg4+ 30. Kf1 Qh5 31. Rxc8 Rxc8 32. Nd2 Rc1+ 33. Bxc1 Qh1+ 34. Ke2 Qe1# 0-1

[Event "XXVII. Rhein-Main-Open, Gruppe A"]
[Site "Bad Homburg vor der Höhe"]
[Date "2025.06.19"]
[Round "2.53"]
[White "Hipler, Andreas"]
[Black "Basedow, Marc"]
[Result "1-0"]
[WhiteElo "1890"]
[BlackElo "1682"]
[PlyCount "89"]
[GameId "535116227078"]
[EventDate "2025.06.18"]
[WhiteTeam "SK Gau-Algesheim"]
[BlackTeam "SC Bad Soden"]

1. d4 Nf6 2. Nf3 g6 3. g3 Bg7 4. Bg2 d6 5. O-O O-O 6. b3 e5 7. dxe5 Ng4 8. Bb2 Nc6 9. Qc1 Ngxe5 10. c4 Nxf3+ 11. Bxf3 Nd4 12. Nc3 Nxf3+ 13. exf3 Bh3 14. Re1 Qf6 15. Qe3 Rfe8 16. Qd3 Re6 17. Re2 Qd4 18. Qxd4 Bxd4 19. Rae1 Rae8 20. Rxe6 Rxe6 21. Rxe6 Bxe6 22. Nd1 c5 23. Bxd4 cxd4 24. Nb2 Bf5 25. Kf1 h5 26. f4 Kf8 27. Ke2 Ke7 28. Nd3 a5 29. a3 Be6 30. Nc1 Bf5 31. Kd2 Bb1 32. Ne2 d3 33. Nc1 Bc2 34. Kc3 a4 35. b4 b6 36. Nxd3 Bd1 37. Nb2 Bb3 38. b5 d5 39. cxd5 Kd6 40. Kd4 f6 41. Nc4+ Bxc4 42. Kxc4 Kd7 43. Kb4 Kd6 44. Kxa4 Kxd5 45. Kb4 1-0

[Event "XXVII. Rhein-Main-Open, Gruppe A"]
[Site "Bad Homburg vor der Höhe"]
[Date "2025.06.19"]
[Round "2.54"]
[White "Boscher, Hans"]
[Black "Wilk, Jan"]
[Result "1/2-1/2"]
[WhiteElo "1741"]
[BlackElo "1916"]
[PlyCount "103"]
[GameId "535116227079"]
[EventDate "2025.06.18"]
[WhiteTeam "SC Bad Soden"]
[BlackTeam "SC Bellheim"]

1. e4 e6 2. d4 d5 3. Nd2 c5 4. exd5 Qxd5 5. Ngf3 cxd4 6. Bc4 Qd6 7. O-O Nc6 8. Nb3 Nf6 9. Nbxd4 Nxd4 10. Nxd4 Bd7 11. Nb5 Qc5 12. Qe2 Rc8 13. Bd3 a6 14. Be3 Qh5 15. Qxh5 Nxh5 16. Nc3 Be7 17. Ne4 O-O 18. Rad1 Bc6 19. c3 Rfd8 20. Bc2 Nf6 21. Nxf6+ gxf6 22. Bb6 Rd5 23. Rxd5 Bxd5 24. a3 Kg7 25. Rd1 Bc5 26. Bxc5 Rxc5 27. f3 f5 28. Kf2 Kf6 29. f4 Ke7 30. g3 Be4 31. Ba4 b5 32. Bb3 a5 33. Ke3 a4 34. Ba2 f6 35. g4 h6 36. h4 e5 37. gxf5 Bxf5 38. Rd5 Rxd5 39. Bxd5 Kd6 40. Bf7 Be6 41. fxe5+ Kxe5 42. Be8 Bc4 43. Bc6 f5 44. Be8 f4+ 45. Kf3 Bd3 46. Bc6 Bf1 47. Be8 Bc4 48. Bg6 Bd5+ 49. Kf2 Be4 50. Be8 Bd3 51. Kf3 Bf5 52. Bd7 1/2-1/2

[Event "XXVII. Rhein-Main-Open, Gruppe A"]
[Site "Bad Homburg vor der Höhe"]
[Date "2025.06.19"]
[Round "2.55"]
[White "Hornung, Fabian"]
[Black "Hebauf, Markus"]
[Result "1-0"]
[WhiteElo "1854"]
[BlackElo "1662"]
[PlyCount "91"]
[GameId "535116227080"]
[EventDate "2025.06.18"]
[WhiteTeam "SK Gernsbach 1949"]
[BlackTeam "Sfr.1932 Kelkheim"]

1. e4 c5 2. Nf3 Nc6 3. d4 cxd4 4. Nxd4 e5 5. Nb5 d6 6. c4 a6 7. N5c3 Nf6 8. Be2 Nd4 9. O-O Nxe2+ 10. Qxe2 Be7 11. Na3 O-O 12. f3 Be6 13. Be3 Rc8 14. Rac1 Rc6 15. Nd5 Re8 16. Rc2 Qb8 17. Rfc1 Kf8 18. Nb1 b5 19. Nxf6 Bxf6 20. cxb5 Rxc2 21. Rxc2 axb5 22. Nc3 Rc8 23. Nd5 Rxc2 24. Qxc2 Bxd5 25. exd5 Qa8 26. Qb3 Qa5 27. Kf1 Bd8 28. a3 Bc7 29. Qc2 b4 30. Qc6 bxa3 31. bxa3 Ke7 32. Kf2 f5 33. Bg5+ Kf8 34. Qd7 Bb6+ 35. Kg3 f4+ 36. Kh3 Qa7 37. Be7+ Kf7 38. Qe6+ Ke8 39. Bxd6+ Kd8 40. Bxe5 Qd7 41. Qxd7+ Kxd7 42. Bxf4 Bc5 43. a4 Bb4 44. Kg4 h6 45. Kf5 g5 46. Be5 1-0

[Event "XXVII. Rhein-Main-Open, Gruppe A"]
[Site "Bad Homburg vor der Höhe"]
[Date "2025.06.19"]
[Round "2.56"]
[White "Pade, Joachim"]
[Black "Kopf, Rainer"]
[Result "1/2-1/2"]
[WhiteElo "1777"]
[BlackElo "1893"]
[PlyCount "93"]
[GameId "535116227081"]
[EventDate "2025.06.18"]
[WhiteTeam "SV Rochade Hünfeld"]
[BlackTeam "SC Bellheim"]

1. e4 e6 2. d3 c5 3. g3 g6 4. Bg2 Bg7 5. f4 Ne7 6. Nf3 Nbc6 7. c3 b6 8. O-O Bb7 9. Na3 O-O 10. Be3 d6 11. Qd2 a6 12. Rad1 d5 13. e5 Qc7 14. d4 cxd4 15. cxd4 Rfc8 16. Rc1 Qd7 17. g4 Rc7 18. Nb1 Rac8 19. Nc3 Na5 20. b3 Bc6 21. h4 Kh8 22. Bh3 Rg8 23. Ng5 Qe8 24. Rf2 h6 25. Nf3 Bd7 26. f5 gxf5 27. Bxh6 Qf8 28. Bg5 f6 29. exf6 Bxf6 30. Ne5 Qg7 31. Bxf6 Qxf6 32. g5 Qg7 33. Rg2 Ng6 34. Re1 Nxe5 35. dxe5 Rgc8 36. Na4 Bxa4 37. bxa4 Rc2 38. Qb4 Rxg2+ 39. Bxg2 Qc7 40. h5 Qc5+ 41. Qxc5 Rxc5 42. Bf1 Nc4 43. Bd3 Nd2 44. Be2 Ne4 45. g6 Kg7 46. Bxa6 Kh6 47. Rb1 1/2-1/2

[Event "XXVII. Rhein-Main-Open, Gruppe A"]
[Site "Bad Homburg vor der Höhe"]
[Date "2025.06.19"]
[Round "3.1"]
[White "Henrich, Thomas"]
[Black "Hagner, Bennet"]
[Result "1/2-1/2"]
[WhiteElo "2083"]
[BlackElo "2431"]
[PlyCount "195"]
[GameId "535116227083"]
[EventDate "2025.06.18"]
[WhiteTeam "SK Marburg 1931/72"]
[BlackTeam "OSG Baden-Baden"]

1. e4 c5 2. Nf3 d6 3. d4 cxd4 4. Nxd4 Nf6 5. Nc3 a6 6. h3 e5 7. Nb3 Be7 8. Be3 Nbd7 9. g4 h6 10. Rg1 b5 11. a4 b4 12. Nd5 Bb7 13. Bg2 a5 14. Qd2 Nxd5 15. exd5 Nb6 16. Nxa5 Rxa5 17. Qxb4 Rxa4 18. Rxa4 Nxa4 19. Qxa4+ Qd7 20. Qxd7+ Kxd7 21. Kd2 Ra8 22. c4 g6 23. Be4 Bg5 24. Kc3 Bc8 25. Bxg5 hxg5 26. Rh1 Ke7 27. h4 f5 28. Bc2 Kf6 29. h5 Bd7 30. hxg6 Kxg6 31. gxf5+ Bxf5 32. Bxf5+ Kxf5 33. Rh6 Rd8 34. b4 g4 35. b5 Kg5 36. Rh2 Kf4 37. Rh7 Rf8 38. Rg7 Kf3 39. c5 dxc5 40. Kc4 e4 41. d6 Kxf2 42. Rxg4 e3 43. Re4 Rc8 44. b6 e2 45. b7 Rb8 46. d7 Rxb7 47. Rxe2+ Kxe2 48. d8=Q Rb4+ 49. Kc3 Rf4 50. Qd2+ Kf3 51. Qd5+ Re4 52. Qf5+ Rf4 53. Qxc5 Ke4 54. Qc6+ Ke5 55. Kd3 Rd4+ 56. Ke3 Rd6 57. Qc5+ Ke6 58. Ke4 Kd7 59. Ke5 Rc6 60. Qa7+ Rc7 61. Qa3 Rb7 62. Qd6+ Kc8 63. Qc6+ Kb8 64. Kd6 Ka7 65. Qa4+ Kb8 66. Qe8+ Ka7 67. Qe3+ Kb8 68. Qc5 Rh7 69. Qb6+ Ka8 70. Qa5+ Kb8 71. Qb4+ Rb7 72. Qg4 Rb6+ 73. Kc5 Rb7 74. Qg8+ Ka7 75. Qg3 Rb1 76. Qe3 Rb6 77. Qe8 Rb7 78. Qd8 Rb1 79. Qa5+ Kb7 80. Qd2 Rb6 81. Qd7+ Ka6 82. Qe8 Ka7 83. Qd7+ Rb7 84. Qd8 Rb1 85. Qc7+ Ka8 86. Qf4 Ka7 87. Qa4+ Kb8 88. Qc2 Rb7 89. Qh2+ Ka7 90. Kc6 Rb6+ 91. Kc7 Rb7+ 92. Kc8 Rb5 93. Qf2+ Ka6 94. Qd4 Ka5 95. Kc7 Rb4 96. Qc3 Ka4 97. Kc6 Rb6+ 98. Kxb6 1/2-1/2

[Event "XXVII. Rhein-Main-Open, Gruppe A"]
[Site "Bad Homburg vor der Höhe"]
[Date "2025.06.19"]
[Round "3.2"]
[White "Krause, Jonah"]
[Black "Musiienko, Tymur"]
[Result "1-0"]
[WhiteElo "2361"]
[BlackElo "2115"]
[PlyCount "111"]
[GameId "535116227084"]
[EventDate "2025.06.18"]
[WhiteTeam "FC ST.Pauli 1910 eV SAbt"]
[BlackTeam "Wiesbadener SV 1885"]

1. d4 d5 2. c4 c6 3. Nc3 Nf6 4. e3 a6 5. Nf3 b5 6. b3 Bg4 7. a4 bxc4 8. bxc4 Nbd7 9. a5 e5 10. Be2 e4 11. Ne5 Bxe2 12. Nxe2 Nxe5 13. dxe5 Ng4 14. O-O Nxe5 15. cxd5 Qxd5 16. Qa4 Be7 17. Bb2 Nd3 18. Bxg7 Rg8 19. Bc3 f5 20. Rfd1 Bd6 21. g3 Rb8 22. Nc1 Rd8 23. Nxd3 exd3 24. Rab1 Rg4 25. Qb3 Qxb3 26. Rxb3 c5 27. Rb6 Rc4 28. Rxd3 Bc7 29. Rxd8+ Bxd8 30. Rb3 Kd7 31. h4 h5 32. Kg2 Kc6 33. Kf3 Ra4 34. Rb8 Bxa5 35. Bxa5 Rxa5 36. Kf4 c4 37. Rc8+ Kb5 38. Kxf5 Kb4+ 39. Ke4 Rc5 40. Rxc5 Kxc5 41. g4 Kb4 42. g5 c3 43. Kd3 Kb3 44. g6 c2 45. g7 c1=Q 46. g8=Q+ Ka3 47. Qf8+ Ka4 48. Qe8+ Kb3 49. Qe6+ Kb4 50. Qb6+ Ka4 51. Qxa6+ Kb4 52. Qb6+ Ka4 53. Qd4+ Kb5 54. Ke4 Ka6 55. Kd5 Kb7 56. Qb4+ 1-0

[Event "XXVII. Rhein-Main-Open, Gruppe A"]
[Site "Bad Homburg vor der Höhe"]
[Date "2025.06.19"]
[Round "3.3"]
[White "Giel, Olaf"]
[Black "Neukirchner, Pascal"]
[Result "1/2-1/2"]
[WhiteElo "2106"]
[BlackElo "2279"]
[PlyCount "55"]
[GameId "535116227085"]
[EventDate "2025.06.18"]
[WhiteTeam "SF Bremer Osten Bürgerhaus Mahnd"]
[BlackTeam "SK Gründau"]

1. d4 Nf6 2. Nf3 c5 3. e3 d5 4. c3 e6 5. Nbd2 Nc6 6. Bd3 Bd6 7. O-O O-O 8. dxc5 Bxc5 9. e4 Qc7 10. Qe2 b6 11. e5 Ng4 12. Bxh7+ Kxh7 13. Ng5+ Kg8 14. Qxg4 Qxe5 15. Ndf3 Qf5 16. Qh5 Qg6 17. Qxg6 fxg6 18. Be3 Re8 19. Rad1 Be7 20. Rfe1 Bf6 21. Bf4 Bb7 22. Rxe6 Rxe6 23. Nxe6 Re8 24. Neg5 d4 25. cxd4 Nxd4 26. Nxd4 Bxd4 27. h4 Rd8 28. Rd2 1/2-1/2

[Event "XXVII. Rhein-Main-Open, Gruppe A"]
[Site "Bad Homburg vor der Höhe"]
[Date "2025.06.19"]
[Round "3.4"]
[White "Musiienko, Platon"]
[Black "Schmid, Roland"]
[Result "0-1"]
[WhiteElo "2018"]
[BlackElo "2193"]
[PlyCount "128"]
[GameId "535116227086"]
[EventDate "2025.06.18"]
[WhiteTeam "Wiesbadener SV 1885"]
[BlackTeam "SG Post/Süd Regensburg"]

1. e4 c5 2. c3 d5 3. exd5 Qxd5 4. Nf3 Nf6 5. Na3 Nc6 6. Be2 e6 7. O-O Be7 8. d4 cxd4 9. Nb5 Qd8 10. Nbxd4 Nxd4 11. Nxd4 O-O 12. Bf4 Nd5 13. Bg3 Bd6 14. Bd3 Bxg3 15. hxg3 Nf6 16. Qe2 a6 17. Rfd1 Qc7 18. Nf3 b6 19. Rd2 Bb7 20. Rad1 Qc5 21. Qe5 Rac8 22. Be2 Ne4 23. Rd4 Nxc3 24. bxc3 Bxf3 25. Qxc5 bxc5 26. R4d2 Bxe2 27. Rxe2 Rfd8 28. Rb1 Rb8 29. Rxb8 Rxb8 30. Rd2 Rb1+ 31. Kh2 g6 32. Rd6 Rb2 33. Rxa6 Rxf2 34. Rc6 Rxa2 35. Rxc5 Ra7 36. g4 h6 37. Kg3 Kg7 38. Rc8 Kf6 39. Kf4 Ra2 40. g3 Rf2+ 41. Ke3 Rg2 42. Kf3 Rg1 43. Rc4 e5 44. Rc5 Ke6 45. Kf2 Rd1 46. Rc6+ Rd6 47. Rc7 e4 48. c4 f5 49. Rh7 Rd2+ 50. Ke3 Rd3+ 51. Kf2 Rf3+ 52. Kg2 Rc3 53. Rxh6 Kf6 54. gxf5 Kxf5 55. Rh1 Rxc4 56. Rh8 Rc3 57. Rf8+ Ke5 58. Rg8 Rc2+ 59. Kh3 e3 60. Kg4 Rf2 61. Kg5 Rf5+ 62. Kg4 Ke4 63. Kh3 e2 64. Re8+ Re5 0-1

[Event "XXVII. Rhein-Main-Open, Gruppe A"]
[Site "Bad Homburg vor der Höhe"]
[Date "2025.06.19"]
[Round "3.5"]
[White "Tiarks, Jann-Christian"]
[Black "Erdmann, Stefan"]
[Result "1-0"]
[WhiteElo "2228"]
[BlackElo "2117"]
[PlyCount "151"]
[GameId "535116227087"]
[EventDate "2025.06.18"]
[WhiteTeam "SG 1871 Löberitz"]
[BlackTeam "SK Bad Homburg 1927"]

1. e4 c5 2. d4 cxd4 3. Qxd4 Nc6 4. Qd3 d6 5. Nc3 Nf6 6. Nf3 Bd7 7. Be2 Nb4 8. Qd1 g6 9. O-O Bg7 10. e5 dxe5 11. Nxe5 O-O 12. a3 Nc6 13. Nxd7 Qxd7 14. Be3 Rfd8 15. Qxd7 Rxd7 16. Rad1 Rad8 17. Rxd7 Rxd7 18. Re1 Nd5 19. Nxd5 Rxd5 20. c3 e6 21. g3 Rd7 22. Kg2 h5 23. a4 Bf6 24. Rc1 a6 25. b4 Ne7 26. c4 Nf5 27. Bb6 Bd4 28. c5 Re7 29. a5 Bb2 30. Rc2 Ba3 31. c6 bxc6 32. Rxc6 Bxb4 33. Bxa6 Re8 34. Bb7 Ne7 35. Rc4 Bxa5 36. Bxa5 Nf5 37. Rc8 Rxc8 38. Bxc8 Ne7 39. Bb7 Kg7 40. Bb4 Nf5 41. Be4 Nh6 42. Bd2 Ng8 43. Kf3 Ne7 44. Bb4 Ng8 45. Ke3 Nh6 46. h3 Ng8 47. Kd3 Nh6 48. Kc4 f5 49. Bc3+ Kf7 50. Bf3 Ng8 51. Kd3 Ke7 52. Be5 Nh6 53. h4 Nf7 54. Kd4 Kd7 55. Bd1 Ke7 56. Bb3 Nh6 57. Bg7 Nf7 58. Kc5 g5 59. hxg5 Nxg5 60. Kd4 Kf7 61. Bh6 Ne4 62. Ke3 Kg6 63. Bf8 e5 64. Be7 Nf6 65. Bxf6 Kxf6 66. Kf3 Kg5 67. Bc2 Kf6 68. Kg2 e4 69. Kh3 Kg5 70. Bb1 Kg6 71. Kh4 Kh6 72. Bc2 Kg6 73. Bd1 f4 74. gxf4 Kf5 75. Kxh5 Kxf4 76. Be2 1-0

[Event "XXVII. Rhein-Main-Open, Gruppe A"]
[Site "Bad Homburg vor der Höhe"]
[Date "2025.06.19"]
[Round "3.6"]
[White "Rubsamen, Cornelius"]
[Black "Seidel, Andre"]
[Result "1/2-1/2"]
[WhiteElo "2181"]
[BlackElo "2136"]
[PlyCount "39"]
[GameId "535116227088"]
[EventDate "2025.06.18"]
[WhiteTeam "Königsspringer Karben"]
[BlackTeam "SV Oberursel"]

1. e4 c5 2. c3 Nf6 3. e5 Nd5 4. Nf3 Nc6 5. Bc4 Nb6 6. Bb3 c4 7. Bc2 Qc7 8. O-O Nxe5 9. Nxe5 Qxe5 10. Re1 Qc7 11. a4 e6 12. Qh5 Be7 13. Na3 Nd5 14. Qg4 g6 15. Nxc4 Nf6 16. Qe2 b6 17. d4 O-O 18. Bh6 Re8 19. Ne5 Bb7 20. h3 1/2-1/2

[Event "XXVII. Rhein-Main-Open, Gruppe A"]
[Site "Bad Homburg vor der Höhe"]
[Date "2025.06.19"]
[Round "3.7"]
[White "Akhmatovski, Maxim"]
[Black "Gold, Jan Christian"]
[Result "1-0"]
[WhiteElo "2108"]
[BlackElo "1997"]
[PlyCount "63"]
[GameId "535116227089"]
[EventDate "2025.06.18"]
[WhiteTeam "SV Oberursel"]
[BlackTeam "SK Bad Homburg 1927"]

1. e4 c5 2. Nf3 Nc6 3. Bb5 g6 4. O-O Bg7 5. Re1 Nf6 6. c3 O-O 7. d4 d5 8. e5 Ne4 9. Be3 cxd4 10. cxd4 Qb6 11. Bxc6 bxc6 12. Qc1 f6 13. Nc3 Nxc3 14. Qxc3 Bg4 15. Nd2 a5 16. Rac1 Rfc8 17. h3 Bf5 18. g4 Bd7 19. Nb3 Qb4 20. Nc5 Rc7 21. Bf4 fxe5 22. Bxe5 Bxe5 23. Rxe5 Qxc3 24. Rxc3 Bc8 25. Rb3 Kf7 26. Kg2 e6 27. h4 a4 28. Rf3+ Ke7 29. a3 Kd6 30. Rf8 Ra5 31. Rxc8 Rxc8 32. Nb7+ 1-0

[Event "XXVII. Rhein-Main-Open, Gruppe A"]
[Site "Bad Homburg vor der Höhe"]
[Date "2025.06.19"]
[Round "3.8"]
[White "Gundel, Julian"]
[Black "Haack, Kevin"]
[Result "0-1"]
[WhiteElo "1785"]
[BlackElo "2390"]
[PlyCount "102"]
[GameId "535116227090"]
[EventDate "2025.06.18"]
[WhiteTeam "SV Königsspringer 1929 Großauhei"]
[BlackTeam "SV 1920 Hofheim"]

1. Nf3 Nf6 2. b3 d5 3. Bb2 Bf5 4. e3 c6 5. d4 e6 6. Bd3 Bd6 7. O-O O-O 8. Ne5 a5 9. a3 Bxd3 10. Qxd3 a4 11. b4 Nbd7 12. Nd2 Qc7 13. f4 b5 14. Kh1 Nb6 15. Rg1 Nc4 16. Ndxc4 bxc4 17. Qe2 Ne4 18. Raf1 Bxe5 19. fxe5 Qe7 20. Rf4 f6 21. Rxe4 dxe4 22. Qxc4 Qd7 23. exf6 Rxf6 24. Qe2 Rf5 25. c4 Raf8 26. Qg4 Qf7 27. h3 Rf1 28. Rxf1 Qxf1+ 29. Kh2 Qf5 30. Qxf5 Rxf5 31. Kg1 g5 32. Bc3 h5 33. Be1 h4 34. Bf2 Kg7 35. Kf1 Kg6 36. Ke2 Kh5 37. c5 Rf8 38. Be1 Rb8 39. Kd2 Kg6 40. g3 g4 41. gxh4 gxh3 42. Bg3 Rb7 43. Kc3 Kf5 44. Kc4 Kg4 45. Bf4 Kf3 46. d5 exd5+ 47. Kd4 Kg2 48. Ke5 Rf7 49. b5 Rxf4 50. exf4 h2 51. bxc6 h1=Q 0-1

[Event "XXVII. Rhein-Main-Open, Gruppe A"]
[Site "Bad Homburg vor der Höhe"]
[Date "2025.06.19"]
[Round "3.9"]
[White "Nothnagel, Marian Can"]
[Black "Jonnek, Thomas"]
[Result "1-0"]
[WhiteElo "2434"]
[BlackElo "2040"]
[PlyCount "49"]
[GameId "535116227091"]
[EventDate "2025.06.18"]
[WhiteTeam "SK Bickenbach"]
[BlackTeam "SF Bremer Osten Bürgerhaus Mahnd"]

1. Nf3 d6 2. e4 Bg4 3. d4 c6 4. Nc3 e6 5. h3 Bxf3 6. Qxf3 Nd7 7. Be3 Ngf6 8. g4 d5 9. e5 Ng8 10. O-O-O Ne7 11. Qg3 Qa5 12. Kb1 b5 13. Ne2 c5 14. dxc5 Nc6 15. Nc1 Nxc5 16. Bg2 Rc8 17. f4 b4 18. Qf2 Be7 19. f5 Nxe5 20. Bd4 Bd6 21. Rhe1 Ncd7 22. fxe6 fxe6 23. Nd3 Qc7 24. Nxe5 Nxe5 25. Bxd5 1-0

[Event "XXVII. Rhein-Main-Open, Gruppe A"]
[Site "Bad Homburg vor der Höhe"]
[Date "2025.06.19"]
[Round "3.10"]
[White "Özdemir, Ali Özden"]
[Black "Milov, Leonid"]
[Result "0-1"]
[WhiteElo "2066"]
[BlackElo "2404"]
[PlyCount "102"]
[GameId "535116227092"]
[EventDate "2025.06.18"]
[WhiteTeam "SK Langen"]
[BlackTeam "SC Noris-Tarrasch Nürnberg 1873"]

1. e4 c5 2. Nf3 e6 3. d3 Nc6 4. g3 d6 5. Bg2 Nf6 6. Nbd2 Be7 7. O-O O-O 8. c3 Bd7 9. a3 Rc8 10. b4 b5 11. Bb2 a5 12. bxc5 dxc5 13. d4 cxd4 14. cxd4 a4 15. Ne5 Be8 16. Rc1 Nxe5 17. Rxc8 Qxc8 18. dxe5 Nd7 19. f4 b4 20. axb4 Bxb4 21. Nf3 Nc5 22. Nd4 a3 23. Ba1 Na4 24. f5 Nb2 25. Bxb2 axb2 26. f6 g6 27. Kh1 Qc5 28. Qd3 Bc3 29. Qe3 Kh8 30. Qh6 Rg8 31. Nf3 Qf8 32. Qe3 Qb4 33. Qh6 Qf8 34. Qe3 Bb4 35. Qb3 Ba3 36. Qe3 Ba4 37. Qd2 g5 38. Nxg5 Rxg5 39. Qxg5 Bc2 40. Qd2 b1=Q 41. Rxb1 Bxb1 42. h4 Qb8 43. Kh2 Bf8 44. Qd4 Qb4 45. Qe3 Bc2 46. Bf3 Qc5 47. Qd2 Ba4 48. Qf4 Qf2+ 49. Kh3 Bb5 50. h5 Bf1+ 51. Kg4 Qh2 0-1

[Event "XXVII. Rhein-Main-Open, Gruppe A"]
[Site "Bad Homburg vor der Höhe"]
[Date "2025.06.19"]
[Round "3.11"]
[White "Sydykov, Bayastan"]
[Black "Klein, Levent"]
[Result "1-0"]
[WhiteElo "2301"]
[BlackElo "2036"]
[PlyCount "83"]
[GameId "535116227093"]
[EventDate "2025.06.18"]
[WhiteTeam "SK 1858 Gießen"]
[BlackTeam "SK Kaiserslautern 1905"]

1. e4 c6 2. d4 d5 3. exd5 cxd5 4. Nf3 Nf6 5. c3 Nc6 6. Ne5 g6 7. Nd2 Bg7 8. f4 O-O 9. Be2 Ne8 10. O-O Nc7 11. Ndf3 f6 12. Nd3 Bf5 13. Be3 Re8 14. Bf2 a5 15. a4 Qc8 16. h3 Be4 17. Bg3 Rb8 18. Qe1 f5 19. Nd2 Kh8 20. Bh2 e6 21. Bg3 Rf8 22. Bh4 Ne8 23. Ne5 Nf6 24. Rc1 Qc7 25. Kh1 Rbc8 26. b4 axb4 27. cxb4 Qd6 28. b5 Ne7 29. Rxc8 Nxc8 30. a5 Ne8 31. Qc1 Nf6 32. Qxc8 Rxc8 33. Nf7+ Kg8 34. Nxd6 Rc2 35. Rd1 Nd7 36. Bf1 Bh6 37. Bg5 Bf8 38. N2xe4 fxe4 39. Nxb7 Bb4 40. f5 exf5 41. b6 Kg7 42. Rc1 1-0